ARRUPE JESUIT UNIVERSITY

CORONAVIRUS -STOP THE SPREAD - CLEAN,DISINFECT,COVER

Basutoland government (Record no. 4912)

MARC details
000 -LEADER
fixed length control field 00522nam a2200205Ia 4500
003 - CONTROL NUMBER IDENTIFIER
control field 0100
008 - FIXED-LENGTH DATA ELEMENTS--GENERAL INFORMATION
fixed length control field 130227s9999 xx 000 0 und d
040 ## - CATALOGING SOURCE
Transcribing agency ARRUPELIB
050 ## - LIBRARY OF CONGRESS CALL NUMBER
Classification number DT2554.L811 1960
100 ## - MAIN ENTRY--PERSONAL NAME
Personal name Great Britain. Colonial Office
9 (RLIN) 13406
245 ## - TITLE STATEMENT
Title Basutoland government
245 ## - TITLE STATEMENT
Remainder of title local government handbook
260 ## - PUBLICATION, DISTRIBUTION, ETC. (IMPRINT)
Place of publication, distribution, etc Maseru, Basutoland
Name of publisher, distributor, etc Department of Local Government
Date of publication, distribution, etc 1960
300 ## - PHYSICAL DESCRIPTION
Extent 27cm.
650 ## - SUBJECT ADDED ENTRY--TOPICAL TERM
Topical term following geographic name as entry element Basutoland
General subdivision laws
9 (RLIN) 31712
700 ## - ADDED ENTRY--PERSONAL NAME
Personal name Basutoland Government
9 (RLIN) 31713
942 ## - ADDED ENTRY ELEMENTS (KOHA)
Source of classification or shelving scheme Library of Congress Classification
Item type Monograph ( Printed materials)
Holdings
Withdrawn status Lost status Source of classification or shelving scheme Damaged status Not for loan Collection code Home library Current library Shelving location Date acquired Total Checkouts Full call number Barcode Date last seen Copy number Price effective from Koha item type
    Library of Congress Classification     Main Collection ARRUPE LIBRARY ARRUPE LIBRARY   27/02/2013   DT2554.L811 1960 46406051 07/12/2017 1 27/02/2013 Monograph ( Printed materials)

 

Arrupe Library. PO Box MP320 Mt Pleasant, Harare, Zimbabwe
263 242 745411|librarian@aju.ac.zw